Statistics for Car Seat Headrest - Famous Prophets (Stars) Lyrics

Click here to take the quiz!

General Stats

  • This quiz has been taken 39 times
  • The average score is 707 of 905

Answer Stats

Answer% Correct
a
100%
an
100%
I
100%
my
100%
My
100%
(The
100%
The
100%
the
100%
to
100%
you?
100%
you
100%
you...
100%
You
100%
you
100%
And
97%
and
97%
can't
97%
never
97%
we
97%
We
97%
we're
97%
What
97%
what
97%
When
97%
when
97%
where
97%
your
97%
do
93%
for
93%
For
93%
In
93%
(In
93%
in
93%
It
93%
it
93%
it?
93%
it
93%
like
93%
Like
93%
me...
93%
me
93%
me
93%
no
93%
Of
93%
of
93%
over
93%
see
93%
was
93%
you's
93%
Apologies
90%
but
90%
But
90%
feeling
90%
future
90%
grave)
90%
grave
90%
help
90%
me's
90%
ocean
90%
tell
90%
through
90%
washed
90%
who
90%
anyone
87%
back
87%
breaks
87%
Did
87%
did
87%
ears
87%
go
87%
hurts
87%
Now
87%
now ​
87%
now
87%
on
87%
open
87%
seen
87%
that
87%
they
87%
They
87%
touch
87%
be
83%
Be
83%
gone
83%
gone?)
83%
gotta
83%
hands
83%
happens
83%
know
83%
quit
83%
quite
83%
(Yours
83%
yours
83%
again
80%
are
80%
arms
80%
ch
80%
I've
80%
ripping
80%
So
80%
tape
80%
will
80%
years
80%
blackstar
77%
body
77%
bruises
77%
Call
77%
call
77%
et
77%
(From
77%
From
77%
had
77%
legs
77%
mirror
77%
not
77%
painstar
77%
Twin
77%
up
77%
up
77%
world
77%
cetera
73%
could
73%
does
73%
end
73%
fading
73%
I'm
73%
kicked
73%
love
73%
Love
73%
love...
73%
love
73%
miss
73%
seat
73%
then
73%
these
73%
These
73%
they're
73%
thing
73%
went
73%
wouldn't
73%
don't
70%
Don't
70%
face
70%
happened
70%
Is
70%
is
70%
let
70%
Let
70%
meant
70%
remember
70%
same
70%
shins
70%
teenage
70%
want
70%
At
67%
deserve
67%
fall?
67%
fall
67%
If
67%
if
67%
stop?
67%
there
67%
best
63%
every
63%
exception)
63%
give
63%
gonna
63%
hammer
63%
just
63%
lose
63%
might
63%
mine?)
63%
name
63%
names
63%
nervous
63%
nothing
63%
Though
63%
We've
63%
wreck
63%
apart
60%
art
60%
death
60%
heart
60%
heart?
60%
nail
60%
one
60%
people
60%
say
60%
sound
60%
wake
60%
watch
60%
another
57%
backstage
57%
breath
57%
Cause
57%
cliché
57%
day
57%
day?
57%
descend
57%
into
57%
left
57%
liked
57%
music
57%
pass
57%
predict
57%
sing
57%
song
57%
swerve
57%
time
57%
time
57%
two
57%
wrecks
57%
fill
53%
find
53%
forsaken
53%
get
53%
has
53%
have
53%
morning
53%
Or
53%
remain
53%
too
53%
whatever
53%
fail?
50%
grail
50%
holy
50%
how
50%
levee
50%
start
50%
that's
50%
There'll
50%
this
50%
am
47%
as
47%
(Christmas
47%
dead
47%
found
47%
house
47%
impressed
47%
out
47%
Roll
47%
stone
47%
tree's
47%
waste
47%
You'll
47%
anyways
43%
broken
43%
child
43%
child
43%
facing
43%
flies
43%
fully
43%
fully
43%
old
43%
replacing
43%
stare
43%
you've
43%
great
40%
known
40%
silence?
40%
thought
40%
only
37%
reflection
37%
some
37%
spoke
37%
all
33%
bad
33%
behind
33%
dream
33%
even
33%
gain
33%
part
33%
part
33%
put
33%
shall
33%
(Take
33%
take
33%
talked
33%
trash
33%
fiercest
30%
reasoned
30%
ways
30%
childhood
27%
Down
27%
down
27%
fails
27%
line
23%
with
23%
other
20%
Somewhere
20%
away
17%
each
17%
It'll
17%
kind
17%
may
17%
patient
17%
poor
17%
possess
17%
prophecies
17%
boast
13%
boast
13%
cease
13%
envy
13%
evil
13%
hardship
13%
truth
13%
always
10%
comes
10%
completeness
10%
delight
10%
disappears
10%
hopes
10%
knowledge
10%
perseveres
10%
prophesy
10%
protects
10%
rejoices
10%
stilled
10%
tongues
10%
trusts
10%

Score Distribution

Percentile by Number Answered

Percent of People with Each Score

Your Score History

You have not taken this quiz